[Event "European Online Club-ch-C 2021"]
[Site "Online"]
[Date "2021.03.27"]
[Round "6.15"]
[White "Keymer, Vincent"]
[Black "Reuker, Jari"]
[Result "1-0"]
[WhiteElo "2591"]
[BlackElo "2423"]
[Annotator "ChessBase"]
[PlyCount "69"]
[EventDate "2021.03.27"]
[EventType "team-tourn"]
[EventCountry "NET"]
[SourceTitle "playchess.com"]
[Source "ChessBase"]
[SourceQuality "1"]
[TimeControl "900+5"]

1. Nf3 {[%emt 0:00:00]} d5 {[%emt 0:00:04]} 2. e3 {[%emt 0:00:02]} Nf6 {[%emt 0:00:03]} 3. c4 {[%emt 0:00:01]} e6 {[%emt 0:00:02]} 4. Nc3 {[%emt 0:00:02]} Be7 {[%emt 0:00:03]} 5. b3 {[%emt 0:00:02]} O-O {[%emt 0:00:02]} 6. Bb2 {[%emt 0:00:01]} dxc4 {[%emt 0:00:01]} 7. Bxc4 {[%emt 0:00:05]} a6 {[%emt 0:00:03]} 8. a4 {[%emt 0:00:31]} b6 {[%emt 0:00:03]} 9. O-O {[%emt 0:00:25]} Bb7 {[%emt 0:00:04]} 10. Ne5 {[%emt 0:00:40]} Nbd7 {[%emt 0:00:04]} 11. f4 {[%emt 0:00:02]} Nxe5 {[%emt 0:00:03]} 12. fxe5 {[%emt 0:00:01]} Ne4 {[%emt 0:00:01]} 13. Nxe4 {[%emt 0:01:43]} Bxe4 {[%emt 0:00:00]} 14. Bc3 {[%emt 0:00:05]} Bd3 {[%emt 0:04:36]} 15. Rf4 {[%emt 0:00:32]} c5 {[%emt 0:02:20]} 16. Qg4 {[%emt 0:02:54]} Qd7 {[%emt 0:01:52]} 17. Qf3 {[%emt 0:03:04]} Bg6 {[%emt 0:03:46]} 18. h4 {[%emt 0:01:39]} h5 {[%emt 0:00:05]} 19. Be2 {[%emt 0:01:04]} Qd5 {[%emt 0:01:19]} 20. e4 {[%emt 0:00:30]} Qd7 {[%emt 0:01:17]} 21. g4 {[%emt 0:00:13]} hxg4 {[%emt 0:00:01]} 22. Qxg4 {[%emt 0:00:00]} b5 {[%emt 0:00:29]} 23. h5 {[%emt 0:01:10]} Bh7 {[%emt 0:00:02]} 24. Kh1 {[%emt 0:01:00]} b4 {[%emt 0:00:32]} 25. Rg1 {[%emt 0:00:03]} g5 {[%emt 0:00:02]} 26. hxg6 {[%emt 0:00:52]} fxg6 {[%emt 0:00:03]} 27. Ba1 {[%emt 0:00:24]} Rxf4 {[%emt 0:00:06]} 28. Qxf4 {[%emt 0:00:00]} Kg7 {[%emt 0:00:07]} 29. Kg2 {[%emt 0:00:12]} Rf8 {[%emt 0:00:02]} 30. Qe3 {[%emt 0:00:01]} Rd8 {[%emt 0:00:10]} 31. d3 {[%emt 0:00:07]} Rf8 {[%emt 0:00:06]} 32. Rh1 {[%emt 0:00:04]} Rf7 {[%emt 0:00:04]} 33. Bg4 {[%emt 0:00:10]} Bf8 {[%emt 0:00:06]} 34. Qh3 {[%emt 0:00:02]} Kh8 {[%emt 0:00:05]} 35. Bxe6 {[%emt 0:00:03]} 1-0

[Event "European Online Club-ch-C 2021"]
[Site "Online"]
[Date "2021.03.27"]
[Round "6.16"]
[White "Wachinger, Nikolas"]
[Black "Kollars, Dmitrij"]
[Result "1-0"]
[WhiteElo "2369"]
[BlackElo "2598"]
[Annotator "ChessBase"]
[PlyCount "115"]
[EventDate "2021.03.27"]
[EventType "team-tourn"]
[EventCountry "NET"]
[SourceTitle "playchess.com"]
[Source "ChessBase"]
[SourceQuality "1"]
[TimeControl "900+5"]

1. e4 {[%emt 0:00:00]} e5 {[%emt 0:00:13]} 2. Nf3 {[%emt 0:00:05]} Nc6 {[%emt 0:00:06]} 3. Bb5 {[%emt 0:00:04]} a6 {[%emt 0:00:03]} 4. Ba4 {[%emt 0:00:02]} Bc5 {[%emt 0:00:22]} 5. O-O {[%emt 0:00:12]} Nge7 {[%emt 0:00:07]} 6. c3 {[%emt 0:00:07]} Ba7 {[%emt 0:00:02]} 7. d4 {[%emt 0:00:03]} Ng6 {[%emt 0:00:42]} 8. Bg5 {[%emt 0:00:24]} f6 {[%emt 0:00:02]} 9. Be3 {[%emt 0:00:07]} O-O {[%emt 0:00:03]} 10. Nbd2 {[%emt 0:00:19]} Kh8 {[%emt 0:00:18]} 11. Re1 {[%emt 0:00:06]} d6 {[%emt 0:00:09]} 12. h3 {[%emt 0:00:26]} Qe8 {[%emt 0:00:31]} 13. Nf1 {[%emt 0:00:25]} Bd7 {[%emt 0:00:58]} 14. Bc2 {[%emt 0:00:50]} Nce7 {[%emt 0:01:42]} 15. Qd2 {[%emt 0:00:24]} Rd8 {[%emt 0:01:47]} 16. Ng3 {[%emt 0:00:25]} f5 {[%emt 0:00:31]} 17. exf5 {[%emt 0:00:13]} Nxf5 {[%emt 0:00:07]} 18. Nxf5 {[%emt 0:02:08]} Bxf5 {[%emt 0:00:02]} 19. dxe5 {[%emt 0:00:37]} dxe5 {[%emt 0:02:31]} 20. Qc1 {[%emt 0:01:28]} Bxe3 {[%emt 0:00:15]} 21. Rxe3 {[%emt 0:00:00]} Qf7 {[%emt 0:00:50]} 22. Bxf5 {[%emt 0:00:52]} Qxf5 {[%emt 0:00:00]} 23. Qb1 {[%emt 0:00:01]} Qf6 {[%emt 0:02:10]} 24. Qe4 {[%emt 0:00:18]} Qb6 {[%emt 0:00:01]} 25. Qb4 {[%emt 0:00:39]} Qxb4 {[%emt 0:01:10]} 26. cxb4 {[%emt 0:00:00]} Rd5 {[%emt 0:00:01]} 27. Rae1 {[%emt 0:00:16]} Re8 {[%emt 0:00:02]} 28. g3 {[%emt 0:00:10]} h6 {[%emt 0:00:07]} 29. h4 {[%emt 0:00:04]} h5 {[%emt 0:00:26]} 30. Kg2 {[%emt 0:00:14]} Kg8 {[%emt 0:00:02]} 31. R1e2 {[%emt 0:00:25]} c6 {[%emt 0:00:07]} 32. a3 {[%emt 0:00:05]} Re7 {[%emt 0:00:10]} 33. Kf1 {[%emt 0:00:17]} Kf8 {[%emt 0:00:23]} 34. Ng5 {[%emt 0:00:14]} Ke8 {[%emt 0:00:39]} 35. Rf3 {[%emt 0:00:14]} Nf8 {[%emt 0:00:29]} 36. Rf5 {[%emt 0:00:23]} e4 {[%emt 0:00:38]} 37. Nxe4 {[%emt 0:00:42]} Rxf5 {[%emt 0:00:13]} 38. Nd6+ {[%emt 0:00:03]} Kd7 {[%emt 0:00:01]} 39. Nxf5 {[%emt 0:00:03]} Rxe2 {[%emt 0:00:02]} 40. Kxe2 {[%emt 0:00:02]} g6 {[%emt 0:00:02]} 41. Nd4 {[%emt 0:00:09]} Kd6 {[%emt 0:00:02]} 42. Ke3 {[%emt 0:00:07]} Kd5 {[%emt 0:00:04]} 43. b3 {[%emt 0:00:14]} Nd7 {[%emt 0:00:07]} 44. Ne2 {[%emt 0:00:11]} Ke5 {[%emt 0:00:02]} 45. Nf4 {[%emt 0:00:05]} Kf5 {[%emt 0:00:04]} 46. Nd3 {[%emt 0:00:04]} b6 {[%emt 0:00:05]} 47. Kd4 {[%emt 0:00:17]} Nf6 {[%emt 0:00:06]} 48. f3 {[%emt 0:00:12]} Nd7 {[%emt 0:00:01]} 49. a4 {[%emt 0:00:15]} Ke6 {[%emt 0:00:17]} 50. a5 {[%emt 0:00:10]} bxa5 {[%emt 0:00:00]} 51. bxa5 {[%emt 0:00:03]} Kd6 {[%emt 0:00:01]} 52. b4 {[%emt 0:00:03]} Nf6 {[%emt 0:00:21]} 53. Nc5 {[%emt 0:00:17]} Nh7 {[%emt 0:00:01]} 54. Nxa6 {[%emt 0:00:03]} g5 {[%emt 0:00:02]} 55. hxg5 {[%emt 0:00:14]} Nxg5 {[%emt 0:00:00]} 56. Ke3 {[%emt 0:00:01]} Ne6 {[%emt 0:00:07]} 57. f4 {[%emt 0:00:05]} Kd5 {[%emt 0:00:05]} 58. f5 {[%emt 0:00:09]} 1-0

[Event "European Online Club-ch-C 2021"]
[Site "Online"]
[Date "2021.03.27"]
[Round "6.17"]
[White "Nguyen, Thai Dai Van"]
[Black "Delgado Ramirez, Neuris"]
[Result "1/2-1/2"]
[WhiteElo "2577"]
[BlackElo "2615"]
[Annotator "ChessBase"]
[PlyCount "106"]
[EventDate "2021.03.27"]
[EventType "team-tourn"]
[EventCountry "NET"]
[SourceTitle "playchess.com"]
[Source "ChessBase"]
[SourceQuality "1"]
[TimeControl "900+5"]

1. e4 {[%emt 0:00:00]} c5 {[%emt 0:00:04]} 2. Nf3 {[%emt 0:00:03]} d6 {[%emt 0:00:03]} 3. d4 {[%emt 0:00:20]} cxd4 {[%emt 0:00:03]} 4. Nxd4 {[%emt 0:00:00]} Nf6 {[%emt 0:00:02]} 5. f3 {[%emt 0:00:01]} e5 {[%emt 0:00:06]} 6. Nb3 {[%emt 0:00:02]} Be7 {[%emt 0:00:26]} 7. c4 {[%emt 0:00:06]} O-O {[%emt 0:00:03]} 8. Nc3 {[%emt 0:00:09]} a5 {[%emt 0:00:03]} 9. Be3 {[%emt 0:00:01]} a4 {[%emt 0:00:02]} 10. Nd2 {[%emt 0:00:02]} Qa5 {[%emt 0:00:09]} 11. Be2 {[%emt 0:00:25]} a3 {[%emt 0:01:21]} 12. Qc2 {[%emt 0:01:15]} Nc6 {[%emt 0:01:23]} 13. Nb3 {[%emt 0:05:22]} Nb4 {[%emt 0:02:30]} 14. Qd2 {[%emt 0:00:04]} axb2 {[%emt 0:00:04]} 15. Qxb2 {[%emt 0:00:00]} Qa3 {[%emt 0:00:03]} 16. Qxa3 {[%emt 0:00:01]} Rxa3 {[%emt 0:00:03]} 17. Kd2 {[%emt 0:00:00]} Be6 {[%emt 0:00:24]} 18. Rhb1 {[%emt 0:00:26]} Rfa8 {[%emt 0:00:12]} 19. Nc1 {[%emt 0:00:09]} Nc6 {[%emt 0:00:18]} 20. Rxb7 {[%emt 0:01:28]} Bd8 {[%emt 0:00:05]} 21. Rb3 {[%emt 0:00:01]} Rxb3 {[%emt 0:01:47]} 22. Nxb3 {[%emt 0:00:00]} Ba5 {[%emt 0:00:16]} 23. Nxa5 {[%emt 0:01:44]} Nxa5 {[%emt 0:00:04]} 24. Kc2 {[%emt 0:00:33]} Nxc4 {[%emt 0:00:07]} 25. Bxc4 {[%emt 0:00:02]} Bxc4 {[%emt 0:00:02]} 26. a4 {[%emt 0:00:01]} d5 {[%emt 0:00:10]} 27. exd5 {[%emt 0:00:00]} Nxd5 {[%emt 0:00:01]} 28. Nxd5 {[%emt 0:00:02]} Bxd5 {[%emt 0:00:02]} 29. a5 {[%emt 0:00:00]} f5 {[%emt 0:00:04]} 30. a6 {[%emt 0:00:03]} f4 {[%emt 0:00:04]} 31. Bd2 {[%emt 0:00:52]} Ra7 {[%emt 0:00:18]} 32. Kc3 {[%emt 0:00:17]} Kf7 {[%emt 0:00:23]} 33. Kb4 {[%emt 0:00:07]} Ke6 {[%emt 0:00:07]} 34. Kb5 {[%emt 0:00:09]} g5 {[%emt 0:00:18]} 35. Kb6 {[%emt 0:00:33]} Ra8 {[%emt 0:00:12]} 36. a7 {[%emt 0:00:05]} e4 {[%emt 0:01:00]} 37. fxe4 {[%emt 0:00:33]} Bxe4 {[%emt 0:00:03]} 38. Re1 {[%emt 0:01:00]} Kf5 {[%emt 0:00:12]} 39. g4+ {[%emt 0:01:05]} fxg3 {[%emt 0:02:22]} 40. hxg3 {[%emt 0:00:00]} Bf3 {[%emt 0:00:03]} 41. Re7 {[%emt 0:00:24]} Kg4 {[%emt 0:00:10]} 42. Rxh7 {[%emt 0:00:08]} Rg8 {[%emt 0:00:06]} 43. Be1 {[%emt 0:00:35]} Re8 {[%emt 0:00:08]} 44. Bd2 {[%emt 0:00:06]} Rg8 {[%emt 0:00:16]} 45. Be1 {[%emt 0:00:17]} Re8 {[%emt 0:00:03]} 46. Bb4 {[%emt 0:00:01]} Kxg3 {[%emt 0:00:35]} 47. Bd6+ {[%emt 0:00:02]} Kg2 {[%emt 0:00:04]} 48. Re7 {[%emt 0:00:09]} Rxe7 {[%emt 0:00:05]} 49. Bxe7 {[%emt 0:00:00]} g4 {[%emt 0:00:02]} 50. Bd6 {[%emt 0:00:01]} g3 {[%emt 0:00:03]} 51. Bb8 {[%emt 0:00:01]} Kf2 {[%emt 0:00:07]} 52. Bxg3+ {[%emt 0:00:00]} Kxg3 {[%emt 0:00:02]} 53. a8=Q {[%emt 0:00:00]} Bxa8 {[%emt 0:00:02]} 1/2-1/2

[Event "European Online Club-ch-C 2021"]
[Site "Online"]
[Date "2021.03.27"]
[Round "6.18"]
[White "Martinez Alcantara, Jose Eduardo"]
[Black "Michalik, Peter"]
[Result "1-0"]
[WhiteElo "2620"]
[BlackElo "2594"]
[Annotator "ChessBase"]
[PlyCount "89"]
[EventDate "2021.03.27"]
[EventType "team-tourn"]
[EventCountry "NET"]
[SourceTitle "playchess.com"]
[Source "ChessBase"]
[SourceQuality "1"]
[TimeControl "900+5"]

1. e4 {[%emt 0:00:00]} e5 {[%emt 0:00:02]} 2. Nf3 {[%emt 0:00:07]} Nc6 {[%emt 0:00:02]} 3. Bb5 {[%emt 0:00:07]} a6 {[%emt 0:00:03]} 4. Ba4 {[%emt 0:00:02]} Nf6 {[%emt 0:00:01]} 5. d3 {[%emt 0:00:01]} b5 {[%emt 0:00:09]} 6. Bb3 {[%emt 0:00:03]} Be7 {[%emt 0:00:03]} 7. O-O {[%emt 0:00:14]} d6 {[%emt 0:00:05]} 8. a4 {[%emt 0:00:06]} Bd7 {[%emt 0:00:07]} 9. c3 {[%emt 0:00:05]} O-O {[%emt 0:00:02]} 10. Re1 {[%emt 0:00:46]} Na5 {[%emt 0:00:08]} 11. Bc2 {[%emt 0:00:03]} c5 {[%emt 0:00:02]} 12. Bg5 {[%emt 0:00:35]} h6 {[%emt 0:00:16]} 13. Bxf6 {[%emt 0:00:03]} Bxf6 {[%emt 0:00:00]} 14. Nbd2 {[%emt 0:00:04]} Be6 {[%emt 0:00:06]} 15. axb5 {[%emt 0:00:17]} axb5 {[%emt 0:00:02]} 16. Nf1 {[%emt 0:00:02]} g6 {[%emt 0:00:17]} 17. Ne3 {[%emt 0:00:07]} Bg7 {[%emt 0:00:02]} 18. Nd5 {[%emt 0:00:35]} Bxd5 {[%emt 0:01:28]} 19. exd5 {[%emt 0:00:03]} Nb7 {[%emt 0:00:02]} 20. Rb1 {[%emt 0:02:32]} Qd7 {[%emt 0:00:26]} 21. Nd2 {[%emt 0:00:43]} f5 {[%emt 0:00:16]} 22. b4 {[%emt 0:00:45]} Rfb8 {[%emt 0:02:02]} 23. g3 {[%emt 0:00:33]} cxb4 {[%emt 0:00:28]} 24. cxb4 {[%emt 0:00:04]} Rc8 {[%emt 0:00:32]} 25. Rc1 {[%emt 0:01:52]} Rc7 {[%emt 0:00:07]} 26. Bb3 {[%emt 0:00:14]} Nd8 {[%emt 0:01:57]} 27. Rxc7 {[%emt 0:01:21]} Qxc7 {[%emt 0:00:00]} 28. Qc1 {[%emt 0:00:01]} Qb7 {[%emt 0:00:45]} 29. Nf3 {[%emt 0:01:14]} Rc8 {[%emt 0:00:52]} 30. Qd1 {[%emt 0:01:54]} Qc7 {[%emt 0:00:29]} 31. Nxe5 {[%emt 0:01:09]} Kh7 {[%emt 0:00:40]} 32. Nc6 {[%emt 0:00:42]} Nxc6 {[%emt 0:00:08]} 33. dxc6 {[%emt 0:00:01]} Qxc6 {[%emt 0:00:01]} 34. h4 {[%emt 0:00:45]} h5 {[%emt 0:01:24]} 35. Bf7 {[%emt 0:00:03]} Bf6 {[%emt 0:00:54]} 36. Qe2 {[%emt 0:00:25]} Kg7 {[%emt 0:01:01]} 37. Be8 {[%emt 0:00:01]} Qd5 {[%emt 0:00:11]} 38. d4 {[%emt 0:00:22]} Qxd4 {[%emt 0:00:37]} 39. Qe6 {[%emt 0:00:07]} Rc7 {[%emt 0:00:03]} 40. Bd7 {[%emt 0:00:06]} f4 {[%emt 0:00:23]} 41. g4 {[%emt 0:00:04]} Rc2 {[%emt 0:00:08]} 42. Rf1 {[%emt 0:00:07]} Bxh4 {[%emt 0:01:14]} 43. gxh5 {[%emt 0:00:01]} Bxf2+ {[%emt 0:00:07]} 44. Kh1 {[%emt 0:00:01]} Qf6 {[%emt 0:00:04]} 45. h6+ {[%emt 0:00:02]} 1-0

[Event "European Online Club-ch-C 2021"]
[Site "Online"]
[Date "2021.03.27"]
[Round "6.19"]
[White "Plat, Vojtech"]
[Black "Gukesh D"]
[Result "1-0"]
[WhiteElo "2552"]
[BlackElo "2563"]
[Annotator "ChessBase"]
[PlyCount "165"]
[EventDate "2021.03.27"]
[EventType "team-tourn"]
[EventCountry "NET"]
[SourceTitle "playchess.com"]
[Source "ChessBase"]
[SourceQuality "1"]
[TimeControl "900+5"]

1. d4 {[%emt 0:00:00]} d5 {[%emt 0:00:03]} 2. Nf3 {[%emt 0:00:03]} Nf6 {[%emt 0:00:02]} 3. e3 {[%emt 0:00:02]} e6 {[%emt 0:00:19]} 4. c4 {[%emt 0:00:02]} Bb4+ {[%emt 0:00:17]} 5. Nbd2 {[%emt 0:00:04]} c5 {[%emt 0:00:31]} 6. a3 {[%emt 0:00:02]} Bxd2+ {[%emt 0:00:02]} 7. Bxd2 {[%emt 0:00:02]} cxd4 {[%emt 0:00:01]} 8. exd4 {[%emt 0:00:02]} dxc4 {[%emt 0:00:32]} 9. Bxc4 {[%emt 0:00:04]} O-O {[%emt 0:00:02]} 10. O-O {[%emt 0:00:03]} b6 {[%emt 0:00:13]} 11. Bg5 {[%emt 0:00:19]} Ba6 {[%emt 0:01:31]} 12. Bxa6 {[%emt 0:00:11]} Nxa6 {[%emt 0:00:01]} 13. Ne5 {[%emt 0:00:02]} Nc7 {[%emt 0:00:10]} 14. Nc6 {[%emt 0:01:38]} Qd6 {[%emt 0:00:40]} 15. Bxf6 {[%emt 0:00:02]} gxf6 {[%emt 0:00:09]} 16. Qg4+ {[%emt 0:00:03]} Kh8 {[%emt 0:00:02]} 17. Qf3 {[%emt 0:00:02]} f5 {[%emt 0:02:31]} 18. Rac1 {[%emt 0:00:07]} Nd5 {[%emt 0:00:20]} 19. Ne5 {[%emt 0:00:11]} f6 {[%emt 0:00:08]} 20. Nc4 {[%emt 0:00:35]} Qf4 {[%emt 0:00:03]} 21. Qxf4 {[%emt 0:01:07]} Nxf4 {[%emt 0:00:01]} 22. Rc2 {[%emt 0:00:05]} Rac8 {[%emt 0:00:31]} 23. Rd1 {[%emt 0:01:57]} Rfd8 {[%emt 0:02:44]} 24. g3 {[%emt 0:00:26]} Ng6 {[%emt 0:00:36]} 25. Kf1 {[%emt 0:00:30]} f4 {[%emt 0:00:30]} 26. a4 {[%emt 0:00:13]} Kg7 {[%emt 0:00:30]} 27. b3 {[%emt 0:00:20]} Rd5 {[%emt 0:00:07]} 28. Re1 {[%emt 0:00:17]} Rc6 {[%emt 0:00:36]} 29. Na3 {[%emt 0:01:23]} Rxc2 {[%emt 0:00:16]} 30. Nxc2 {[%emt 0:00:03]} Kf7 {[%emt 0:00:11]} 31. Ke2 {[%emt 0:00:06]} Rh5 {[%emt 0:00:10]} 32. h4 {[%emt 0:00:03]} fxg3 {[%emt 0:00:16]} 33. fxg3 {[%emt 0:00:02]} Ne7 {[%emt 0:00:02]} 34. Ne3 {[%emt 0:00:13]} b5 {[%emt 0:00:22]} 35. Ra1 {[%emt 0:00:17]} Nc6 {[%emt 0:00:35]} 36. Kd3 {[%emt 0:00:14]} bxa4 {[%emt 0:01:04]} 37. Rxa4 {[%emt 0:00:14]} Rb5 {[%emt 0:00:02]} 38. Kc3 {[%emt 0:00:13]} Ke7 {[%emt 0:00:04]} 39. Ra1 {[%emt 0:00:30]} f5 {[%emt 0:00:25]} 40. Kc4 {[%emt 0:01:50]} Rb7 {[%emt 0:00:58]} 41. d5 {[%emt 0:00:11]} Ne5+ {[%emt 0:00:13]} 42. Kc3 {[%emt 0:00:05]} Rc7+ {[%emt 0:00:05]} 43. Kd4 {[%emt 0:00:20]} Nf3+ {[%emt 0:00:10]} 44. Kd3 {[%emt 0:00:02]} Ne5+ {[%emt 0:00:09]} 45. Kd2 {[%emt 0:00:33]} Nf3+ {[%emt 0:00:04]} 46. Kd3 {[%emt 0:00:09]} Ne5+ {[%emt 0:00:01]} 47. Ke2 {[%emt 0:00:02]} Rb7 {[%emt 0:00:16]} 48. dxe6 {[%emt 0:00:14]} Kxe6 {[%emt 0:00:01]} 49. Ra6+ {[%emt 0:00:05]} Rb6 {[%emt 0:00:11]} 50. Rxa7 {[%emt 0:00:03]} Rxb3 {[%emt 0:00:02]} 51. Ra6+ {[%emt 0:00:02]} Kf7 {[%emt 0:00:03]} 52. Nxf5 {[%emt 0:00:03]} Ng4 {[%emt 0:00:10]} 53. Ra4 {[%emt 0:00:34]} h5 {[%emt 0:00:05]} 54. Ra6 {[%emt 0:00:13]} Rc3 {[%emt 0:00:12]} 55. Kd2 {[%emt 0:00:22]} Rf3 {[%emt 0:00:03]} 56. Nd6+ {[%emt 0:00:02]} Kg7 {[%emt 0:00:05]} 57. Ne4 {[%emt 0:00:05]} Rb3 {[%emt 0:00:07]} 58. Ra5 {[%emt 0:00:11]} Kh6 {[%emt 0:00:07]} 59. Nd6 {[%emt 0:00:08]} Rb6 {[%emt 0:00:03]} 60. Nf5+ {[%emt 0:00:14]} Kg6 {[%emt 0:00:03]} 61. Nd4 {[%emt 0:00:03]} Rd6 {[%emt 0:00:04]} 62. Rg5+ {[%emt 0:00:18]} Kf6 {[%emt 0:00:03]} 63. Kc3 {[%emt 0:00:18]} Ra6 {[%emt 0:00:03]} 64. Rxh5 {[%emt 0:00:11]} Ra3+ {[%emt 0:00:04]} 65. Nb3 {[%emt 0:00:02]} Ne3 {[%emt 0:00:04]} 66. Rg5 {[%emt 0:00:25]} Nf5 {[%emt 0:00:03]} 67. Kb4 {[%emt 0:00:35]} Ra2 {[%emt 0:00:07]} 68. Nc5 {[%emt 0:00:03]} Re2 {[%emt 0:00:09]} 69. Nd7+ {[%emt 0:00:17]} Ke6 {[%emt 0:00:03]} 70. Nf8+ {[%emt 0:00:02]} Kf6 {[%emt 0:00:02]} 71. Nh7+ {[%emt 0:00:18]} Ke6 {[%emt 0:00:01]} 72. Rg6+ {[%emt 0:00:15]} Ke5 {[%emt 0:00:02]} 73. h5 {[%emt 0:00:10]} Rg2 {[%emt 0:00:13]} 74. g4 {[%emt 0:00:04]} Ne3 {[%emt 0:00:03]} 75. Nf6 {[%emt 0:00:09]} Rf2 {[%emt 0:00:12]} 76. g5 {[%emt 0:00:15]} Kf5 {[%emt 0:00:02]} 77. Rg8 {[%emt 0:00:12]} Rf4+ {[%emt 0:00:07]} 78. Kc5 {[%emt 0:00:04]} Rc4+ {[%emt 0:00:01]} 79. Kb5 {[%emt 0:00:02]} Rh4 {[%emt 0:00:10]} 80. h6 {[%emt 0:00:02]} Nc2 {[%emt 0:00:06]} 81. h7 {[%emt 0:00:24]} Nd4+ {[%emt 0:00:02]} 82. Kb6 {[%emt 0:00:02]} Ne6 {[%emt 0:00:04]} 83. h8=Q {[%emt 0:00:07]} 1-0

[Event "European Online Club-ch-C 2021"]
[Site "Online"]
[Date "2021.03.27"]
[Round "6.20"]
[White "Alvarez Fernandez, Enrique"]
[Black "Stocek, Jiri"]
[Result "0-1"]
[WhiteElo "2349"]
[BlackElo "2604"]
[Annotator "ChessBase"]
[PlyCount "74"]
[EventDate "2021.03.27"]
[EventType "team-tourn"]
[EventCountry "NET"]
[SourceTitle "playchess.com"]
[Source "ChessBase"]
[SourceQuality "1"]
[TimeControl "900+5"]

1. d4 {[%emt 0:00:00]} Nf6 {[%emt 0:00:03]} 2. Nf3 {[%emt 0:00:08]} d5 {[%emt 0:00:07]} 3. Bf4 {[%emt 0:00:03]} Bg4 {[%emt 0:00:09]} 4. Ne5 {[%emt 0:00:28]} Bh5 {[%emt 0:00:10]} 5. Qd3 {[%emt 0:01:42]} Nbd7 {[%emt 0:01:31]} 6. Qh3 {[%emt 0:01:31]} Qc8 {[%emt 0:00:26]} 7. Nd2 {[%emt 0:01:44]} Nxe5 {[%emt 0:00:21]} 8. Qxc8+ {[%emt 0:00:18]} Rxc8 {[%emt 0:00:03]} 9. Bxe5 {[%emt 0:00:12]} Nd7 {[%emt 0:00:12]} 10. Bg3 {[%emt 0:00:15]} c5 {[%emt 0:00:10]} 11. dxc5 {[%emt 0:00:26]} Nxc5 {[%emt 0:00:15]} 12. e3 {[%emt 0:02:52]} e6 {[%emt 0:00:21]} 13. Bb5+ {[%emt 0:00:18]} Kd8 {[%emt 0:00:04]} 14. a4 {[%emt 0:01:52]} Bg6 {[%emt 0:00:46]} 15. c3 {[%emt 0:00:59]} Nd3+ {[%emt 0:01:11]} 16. Bxd3 {[%emt 0:00:18]} Bxd3 {[%emt 0:00:03]} 17. f3 {[%emt 0:00:47]} f6 {[%emt 0:00:30]} 18. e4 {[%emt 0:00:36]} d4 {[%emt 0:01:03]} 19. Nb3 {[%emt 0:01:27]} e5 {[%emt 0:00:47]} 20. Kd2 {[%emt 0:00:28]} Bc4 {[%emt 0:00:35]} 21. Na5 {[%emt 0:00:10]} Ba6 {[%emt 0:00:27]} 22. Rhc1 {[%emt 0:00:04]} b6 {[%emt 0:01:02]} 23. Nb3 {[%emt 0:00:03]} Bc4 {[%emt 0:00:07]} 24. cxd4 {[%emt 0:00:06]} Bb4+ {[%emt 0:01:36]} 25. Ke3 {[%emt 0:00:09]} Bxb3 {[%emt 0:00:04]} 26. Rxc8+ {[%emt 0:00:03]} Kxc8 {[%emt 0:00:02]} 27. dxe5 {[%emt 0:00:03]} Rd8 {[%emt 0:00:17]} 28. exf6 {[%emt 0:00:07]} Bd2+ {[%emt 0:01:22]} 29. Kf2 {[%emt 0:00:09]} gxf6 {[%emt 0:00:05]} 30. Bh4 {[%emt 0:00:05]} Rd6 {[%emt 0:00:15]} 31. Kg3 {[%emt 0:00:06]} Kd7 {[%emt 0:00:16]} 32. Kh3 {[%emt 0:00:03]} Ke6 {[%emt 0:00:14]} 33. Bg3 {[%emt 0:00:03]} Rd3 {[%emt 0:00:06]} 34. Kg4 {[%emt 0:00:04]} Kf7 {[%emt 0:00:06]} 35. Bf4 {[%emt 0:00:06]} h5+ {[%emt 0:00:10]} 36. Kg3 {[%emt 0:00:03]} h4+ {[%emt 0:00:02]} 37. Kg4 {[%emt 0:00:02]} Be6+ {[%emt 0:00:02]} 0-1

[Event "European Online Club-ch-C 2021"]
[Site "Online"]
[Date "2021.03.27"]
[Round "7.1"]
[White "Delgado Ramirez, Neuris"]
[Black "Okuyaz, Duru"]
[Result "1-0"]
[WhiteElo "2615"]
[BlackElo "2076"]
[Annotator "ChessBase"]
[PlyCount "51"]
[EventDate "2021.03.27"]
[EventType "team-tourn"]
[EventCountry "NET"]
[SourceTitle "playchess.com"]
[Source "ChessBase"]
[SourceQuality "1"]
[TimeControl "900+5"]

1. e4 {[%emt 0:00:00]} e6 {[%emt 0:00:03]} 2. d4 {[%emt 0:00:05]} d5 {[%emt 0:00:01]} 3. Nc3 {[%emt 0:00:03]} dxe4 {[%emt 0:00:05]} 4. Nxe4 {[%emt 0:00:02]} Nd7 {[%emt 0:00:02]} 5. Nf3 {[%emt 0:00:04]} Ngf6 {[%emt 0:00:02]} 6. Nxf6+ {[%emt 0:00:03]} Nxf6 {[%emt 0:00:01]} 7. c3 {[%emt 0:00:04]} c5 {[%emt 0:00:22]} 8. Be3 {[%emt 0:00:08]} Qb6 {[%emt 0:01:24]} 9. Qb3 {[%emt 0:02:24]} Bd7 {[%emt 0:04:37]} 10. Be2 {[%emt 0:01:25]} Nd5 {[%emt 0:01:11]} 11. O-O {[%emt 0:00:51]} Nxe3 {[%emt 0:00:38]} 12. fxe3 {[%emt 0:00:04]} Bd6 {[%emt 0:01:00]} 13. Qc2 {[%emt 0:00:29]} O-O {[%emt 0:00:19]} 14. Ng5 {[%emt 0:00:09]} f5 {[%emt 0:00:13]} 15. Bc4 {[%emt 0:00:06]} Kh8 {[%emt 0:01:00]} 16. Kh1 {[%emt 0:00:50]} cxd4 {[%emt 0:00:27]} 17. exd4 {[%emt 0:00:03]} Bxh2 {[%emt 0:01:25]} 18. Qe2 {[%emt 0:00:26]} Bb8 {[%emt 0:00:28]} 19. Qh5 {[%emt 0:00:17]} h6 {[%emt 0:00:08]} 20. Rae1 {[%emt 0:01:16]} Qc7 {[%emt 0:00:57]} 21. Bxe6 {[%emt 0:00:18]} Be8 {[%emt 0:00:50]} 22. Qh3 {[%emt 0:00:46]} Qg3 {[%emt 0:00:17]} 23. Qxg3 {[%emt 0:00:04]} Bxg3 {[%emt 0:00:03]} 24. Re3 {[%emt 0:00:02]} f4 {[%emt 0:00:14]} 25. Rxg3 {[%emt 0:00:06]} hxg5 {[%emt 0:00:05]} 26. Rh3+ {[%emt 0:00:02]} 1-0